000 00823nam a2200277 i 4500
001 9415
003 ES-MaACL
005 20230906145653.0
008 930827s1989 sp ||||1| spa d
020 _a84-7341-044-0
080 _a355.49(46)"15"
100 1 _aRiaño Lozano, Fernando.
_996686
245 1 4 _aLos medios navales de Alejandro Farnesio (1587-1588) /
_cFernando Riaño Lozano.
250 _a1ª ed.
260 _aMadrid :
_bNaval,
_c1989.
300 _a339 p. :
_bil. ;
_c24 cm.
490 1 _aGran Armada ;
_v7
500 _aApéndice documental.
500 _aÍndices.
504 _aBibliografía: p. 321.
650 0 0 _aArmada Invencible, 1588.
_99965
651 4 _aHolanda-
_xHistoria naval.
_9171484
830 1 _aGran Armada ;
_v7
_9178472
852 _aES-MaACL
_jL-16824
999 _c9415
_d9415